Llamados a construir el mundo: curso para laicos sobre Cristo, la iglesia, el hombre y su misión en el mundo actual

Guardat en:
Dades bibliogràfiques
Autor corporatiu: Conferencia Episcopal de Chile (Autor)
Format: Llibre
Idioma:espanyol
Publicat: Santiago Conferencia Episcopal de Chile, Depto. de Laicos 1982
Edició:2a. ed
Matèries:
Etiquetes: Afegir etiqueta
Sense etiquetes, Sigues el primer a etiquetar aquest registre!

MARC

LEADER 00000nam a2200000 a 4500
001 UCY0140
003 CL-VaPUC
008 940713e19820000CL |||||||||||||||||spa|d
082 0 4 |a 262.15  |b CON  |2 21 
110 2 |a Conferencia Episcopal de Chile  |e author  |9 327757 
245 1 0 |a Llamados a construir el mundo: curso para laicos sobre Cristo, la iglesia, el hombre y su misión en el mundo actual 
250 |a 2a. ed 
300 |a 120 p 
942 |c BK 
945 |d 19940713 00:00:00  |a aalvarez 
260 |a Santiago  |b Conferencia Episcopal de Chile, Depto. de Laicos  |c 1982 
500 |a Antropología cristiana -- Cristología -- Eclesiología -- La misión de los laicos en América Latina 
600 0 |a Iglesia católica  |9 255129 
650 0 |a Laicos  |9 255625 
651 7 |a CHILE  |2 CL-VaPUC  |9 327758 
583 |a last modification  |c 19940713 00:00:00  |k Rodrigo Vera 
999 |c 229222  |d 229220 
952 |0 0  |1 0  |4 0  |6 262_150000000000000_CON_1982  |7 0  |8 A  |9 230071  |a BIBEDU  |b BIBEDU  |d 2019-11-15  |i 296712K  |o 262.15 CON 1982  |p 296712K  |r 2019-11-15  |w 2019-11-15  |y BK  |k EDU